[Event "LSS No Engine Cup 117 Preliminary 7"]
[Site "LSS email"]
[Date "2014.09.04"]
[Round "?"]
[White "Vio, Mauro"]
[Black "Jostov, Keylah"]
[Result "1-0"]
[WhiteElo "1414"]
[BlackElo "1195"]
[PlyCount "75"]
[EventDate "2014.09.05"]
[EventType "tourn (corr)"]
[EventRounds "6"]
[EventCountry "GER"]
[SourceTitle "Corr 2015"]
[Source "ChessBase"]
[SourceDate "2015.07.17"]
[SourceVersion "1"]
[SourceVersionDate "2015.07.17"]
[SourceQuality "1"]

1. e4 e5 2. Nf3 Nf6 3. a3 Nc6 4. Nc3 Bc5 5. Bc4 d6 6. 0-0 Bg4 7. b4 Bb6 8. h3 Bh5 9. g4 Bg6 10. d3 Qd7 11. Na4 Nxg4 12. Nxb6 axb6 13. hxg4 Qxg4+ 14. Kh2 Bh5 15. Rg1 Qxf3 16. Qxf3 Bxf3 17. Rxg7 Bh5 18. Bg5 Bg6 19. Bf6 Rf8 20. b5 Ne7 21. Kg3 Rg8 22. f4 exf4+ 23. Kxf4 Rxg7 24. Bxg7 Kd7 25. Bf6 c6 26. a4 Ng8 27. Bc3 h5 28. Bg7 Ke7 29. bxc6 bxc6 30. Rb1 Rb8 31. Bd4 c5 32. Bc3 Kd7 33. a5 Ne7 34. axb6 Nc6 35. Rb5 Nd8 36. Kg5 Kc6 37. Rb1 Rxb6 38. Bd5+ 1-0

[Event "SF-2014-0-00248"]
[Site "LSS email"]
[Date "2014.08.23"]
[Round "?"]
[White "Jostov, Keylah"]
[Black "Raines, David T"]
[Result "1-0"]
[WhiteElo "1175"]
[BlackElo "978"]
[PlyCount "45"]
[EventDate "2014.08.06"]
[EventType "tourn (corr)"]
[EventRounds "6"]
[EventCountry "GER"]
[SourceTitle "Corr 2015"]
[Source "ChessBase"]
[SourceDate "2015.07.17"]
[SourceVersion "1"]
[SourceVersionDate "2015.07.17"]
[SourceQuality "1"]

1. e4 c6 2. Nc3 d5 3. Nf3 d4 4. Ne2 c5 5. Ng3 Nc6 6. a4 e5 7. Bc4 Nf6 8. Ng5 Be6 9. Bxe6 fxe6 10. Nxe6 Qd7 11. Nxf8 Rxf8 12. d3 0-0-0 13. 0-0 g6 14. h3 h5 15. f4 h4 16. Ne2 Nh5 17. fxe5 Nxe5 18. Bg5 Ng4 19. Rxf8 Rxf8 20. hxg4 Ng3 21. Nxg3 hxg3 22. Bh4 Qd6 23. Qe1 1-0

[Event "LSS No Engine Cup 115 Preliminary 4"]
[Site "LSS email"]
[Date "2014.08.04"]
[Round "?"]
[White "Henke, Simon"]
[Black "Jostov, Keylah"]
[Result "1-0"]
[WhiteElo "1507"]
[BlackElo "1195"]
[PlyCount "49"]
[EventDate "2014.08.05"]
[EventType "tourn (corr)"]
[EventRounds "6"]
[EventCountry "GER"]
[SourceTitle "Corr 2015"]
[Source "ChessBase"]
[SourceDate "2015.07.17"]
[SourceVersion "1"]
[SourceVersionDate "2015.07.17"]
[SourceQuality "1"]

1. Nf3 Nf6 2. g3 c5 3. Bg2 Nc6 4. 0-0 e6 5. d3 Be7 6. e4 d5 7. Nbd2 0-0 8. Re1 b5 9. Nf1 a5 10. e5 Nd7 11. Bf4 b4 12. h4 Ba6 13. h5 a4 14. N1h2 a3 15. b3 Na7 16. h6 g6 17. Qd2 Nb5 18. Ng4 f5 19. exf6 Nxf6 20. Nge5 Qc8 21. Bh3 Nc7 22. Ng5 Nh5 23. Nxe6 Nxf4 24. Nxf4 Qe8 25. Bd7 1-0

[Event "LSS No Engine Cup 115 Preliminary 4"]
[Site "LSS email"]
[Date "2014.08.04"]
[Round "?"]
[White "Jostov, Keylah"]
[Black "Arango Marin, Sixto Gregorio"]
[Result "1-0"]
[WhiteElo "1195"]
[BlackElo "756"]
[PlyCount "85"]
[EventDate "2014.08.05"]
[EventType "tourn (corr)"]
[EventRounds "6"]
[EventCountry "GER"]
[SourceTitle "Corr 2015"]
[Source "ChessBase"]
[SourceDate "2015.07.17"]
[SourceVersion "1"]
[SourceVersionDate "2015.07.17"]
[SourceQuality "1"]

1. d4 d5 2. Nf3 Bg4 3. Nbd2 e6 4. g3 Bb4 5. c3 Bd6 6. Bg2 Nf6 7. 0-0 h6 8. Re1 Nc6 9. e4 0-0 10. e5 Bxf3 11. Nxf3 Ne4 12. exd6 Qxd6 13. Bf4 Qd7 14. Ne5 Nxe5 15. dxe5 Qc6 16. Qd4 b6 17. Rxe4 dxe4 18. Bxe4 Qc5 19. Qxc5 bxc5 20. Bxa8 Rxa8 21. Rd1 Kf8 22. Be3 c4 23. Bc5+ Ke8 24. Rd4 a6 25. Rxc4 a5 26. Ra4 f6 27. exf6 gxf6 28. Bb4 Kd7 29. Rxa5 Rc8 30. a4 f5 31. Rc5 c6 32. Ra5 Rc7 33. Bc5 Rb7 34. Ra7 Rxa7 35. Bxa7 Kc7 36. Bc5 Kb7 37. Kg2 Ka6 38. b4 h5 39. Kh3 e5 40. Kh4 f4 41. gxf4 exf4 42. Kxh5 Kb7 43. Kg4 1-0

[Event "LSS No Engine Cup 114 Preliminary 0"]
[Site "LSS email"]
[Date "2014.07.18"]
[Round "?"]
[White "Dlugolecki, Grzegorz"]
[Black "Jostov, Keylah"]
[Result "1-0"]
[WhiteElo "1841"]
[BlackElo "1487"]
[PlyCount "43"]
[EventDate "2014.07.19"]
[EventType "tourn (corr)"]
[EventRounds "6"]
[EventCountry "GER"]
[SourceTitle "Corr 2022"]
[Source "ChessBase"]
[SourceDate "2021.10.24"]
[SourceVersion "1"]
[SourceVersionDate "2021.10.24"]
[SourceQuality "1"]

1. e4 e5 2. Nf3 Nf6 3. Nxe5 d6 4. Nf3 Nxe4 5. d4 d5 6. Bd3 Be7 7. 0-0 Nc6 8. Nc3 Bf5 9. Re1 Bb4 10. Nd2 0-0 11. Ncxe4 dxe4 12. Bxe4 Bxd2 13. Bxd2 Nxd4 14. Bc3 Bxe4 15. Rxe4 Ne6 16. Qe2 g6 17. Rxe6 fxe6 18. Qxe6+ Rf7 19. Qe5 Re7 20. Qh8+ Kf7 21. Qg7+ Ke8 22. Qg8+ 1-0